Catálogo
 En Linea

Ahondar en el silencio : (Registro nro. 44028)

Detalles MARC
000 -CABECERA
campo de control de longitud fija 00851nam a2200253 a 4500
001 - NÚMERO DE CONTROL
campo de control 000044539
003 - IDENTIFICADOR DEL NÚMERO DE CONTROL
campo de control DO-SdBNP
005 - FECHA Y HORA DE LA ÚLTIMA TRANSACCIÓN
campo de control 20240412074303.0
008 - DATOS DE LONGITUD FIJA--INFORMACIÓN GENERAL
campo de control de longitud fija 140711s2014 dr 000 p spa d
020 ## - NÚMERO INTERNACIONAL ESTÁNDAR DEL LIBRO
ISBN cancelado o inválido 97899454711779
040 #4 - FUENTE DE LA CATALOGACIÓN
Centro catalogador/agencia de origen DO-SdBNP
Lengua de catalogación spa
Centro/agencia transcriptor BNPHU
082 #4 - NÚMERO DE LA CLASIFICACIÓN DECIMAL DEWEY
Número de clasificación 861.5
Número de documento/Ítem N789a
Número de edición 22
100 1# - ENTRADA PRINCIPAL--NOMBRE DE PERSONA
Nombre de persona Nolasco, Gloria
9 (RLIN) 72551
245 01 - MENCIÓN DE TÍTULO
Título Ahondar en el silencio :
Resto del título poemas /
Mención de responsabilidad, etc. Gloria Nolasco ; prólogo Bruno Rosario Candelier.
260 #1 - PUBLICACIÓN, DISTRIBUCIÓN, ETC.
Lugar de publicación, distribución, etc. [Santo Domingo] :
Nombre del editor, distribuidor, etc. [Búho],
Fecha de publicación, distribución, etc. [2014?].
300 ## - DESCRIPCIÓN FÍSICA
Extensión 85 p. :
Dimensiones 22 cm.
590 ## - NOTA LOCAL (RLIN)
Nota local La biblioteca posee tres ejemplares autografiados por la autora
590 ## - NOTA LOCAL (RLIN)
Nota local Inventariado, 2018 / LP
650 #4 - PUNTO DE ACCESO ADICIONAL DE MATERIA--TÉRMINO DE MATERIA
9 (RLIN) 24665
Término de materia o nombre geográfico como elemento de entrada Poesía dominicana
650 #0 - PUNTO DE ACCESO ADICIONAL DE MATERIA--TÉRMINO DE MATERIA
Término de materia o nombre geográfico como elemento de entrada Literatura dominicana.
9 (RLIN) 67
700 11 - PUNTO DE ACCESO ADICIONAL--NOMBRE DE PERSONA
Nombre de persona Rosario Candelier, Bruno,
Fechas asociadas al nombre 1941-
Término indicativo de función/relación pról.
9 (RLIN) 851
910 ## - DATOS DE OPCIÓN DEL USUARIO (OCLC)
Datos de opción del usuario Validado. Control de calidad MFF
942 ## - ELEMENTOS DE PUNTO DE ACCESO ADICIONAL (KOHA)
Fuente del sistema de clasificación o colocación Dewey Decimal Classification
Tipo de ítem Koha Libro
Existencias
Estado de retiro Estado de pérdida Fuente del sistema de clasificación o colocación Restricciones de uso No para préstamo Código de colección Localización permanente Ubicación/localización actual Ubicación en estantería Fecha de adquisición Fuente de adquisición Total de préstamos Signatura topográfica completa Código de barras Fecha visto por última vez Precio válido a partir de Tipo de ítem Koha Número de copia
    Dewey Decimal Classification Préstamo en sala   Dominicana de Servicio Biblioteca Nacional Pedro Henríquez Ureña Dominicana Depósito 11.07.2014 Depósito Legal   BNPHU DS RD861.5 N789a 44539-30 25.06.2020 25.06.2020 Libro y Folleto Colección Dominicana de Servicio e.3
    Dewey Decimal Classification Préstamo en sala   Dominicana de Servicio Biblioteca Nacional Pedro Henríquez Ureña General Depósito 28.04.2021 Donado   BNPHU DS RD861.5 N789a 2021-1608 28.04.2021 28.04.2021 Libro y Folleto Colección Dominicana de Servicio e.4
    Dewey Decimal Classification Excluido de préstamo   Patrimonio Dominicano Biblioteca Nacional Pedro Henríquez Ureña Patrimonio Dominicano Depósito 11.07.2014 Depósito Legal   BNPHU PD RD861.5 N789a 44539-10 25.06.2020 25.06.2020 Libro y Folleto Colección Patrimonio Dominicano  
    Dewey Decimal Classification Excluido de préstamo   Patrimonio Dominicano Biblioteca Nacional Pedro Henríquez Ureña Patrimonio Dominicano Depósito 11.07.2014 Depósito Legal   BNPHU PD RD861.5 N789a 44539-20 25.06.2020 25.06.2020 Libro y Folleto Colección Patrimonio Dominicano e.2

Con tecnología Koha